LEADER 00837nam a2200193 i 4500 001 000000224296 003 CaOOAMICUS 005 20131029000000.0 008 131029s1835 it u000 u lat u 013 $a203194 040 $aSeMil$bita 245 10$aTomus 41. 300 $a524 p. 773 0 $aGuillon, Marie Nicolas Sylvestre <1760-1847>$tCollectio selecta SS. Ecclesiae Patrum, complectens exquisitissima opera tum dogmatica et moralia, tum apologetica et oratoria; accurantibus D. Caillau ... una cum D.M.N.S. Guillon ..$dParisiis : Apud Méquignon-Havard, 1829-1840 (Parisiis : Typis Decourchant)$g41$w()28977 850 $aSeMil 852 $aSeMil$W1$xVenegono$y1$m2S II 41 FA$j174642$B174642$CSeMilBibl$Z2$F184721 $8I 941 1 $a10 961 $aRecupero: Mantegazza 996 $6245$aTomus 41$9(OLS)http://semarc/title/321413 LEADER 01520nam a2200313 i 4500 001 000000365036 003 CaOOAMICUS 005 20251223143102.0 008 251107s2002 xxca u000 u eng u 020 $a0-88844-142-8 020 $a978-0-88844-142-3 040 $aSeMil$bita 041 0 $aeng$alat 100 0 $aGualterus : de Chatton,$d<1285?-1343?>.$0(OLS)http://semarc/name/123108 245 10$aLiber 1., distinctiones 10-48 /$cWalter Chatton. 264 1$aToronto, Canada :$bPontifical institute of Mediaeval studies,$c2002. 300 $aXII, 501 p. ;$c25 cm 490 0 $aStudies and texts ;$v142 773 0 $aGualterus : de Chatton, <1285?-1343?>$tReportatio super Sententias.$dToronto, Canada : Pontifical institute of Mediaeval studies, 2002-2005.$kStudies and texts / Pontifical institute of medieval studies$g2$w()365033 830 0$aStudies and texts / Pontifical institute of medieval studies ;$v142.$0(OLS)http://semarc/title/104084 850 $aSeMil 852 $aSeMil$W1$xVenegono$y1$m2NA U 142$j264353$B255876$CSeMilBibl$Z2$F255876 $81 900 0 $aGualtiero : di Châtillon. 996 $6020$a0-88844-142-8$9(OLS)http://semarc/number/304538 996 $6020$a978-0-88844-142-3$9(OLS)http://semarc/number/304539 996 $6245$aLiber 1., distinctiones 10-48$9(OLS)http://semarc/title/456570 996 $6264$aToronto, Canada :$bPontifical institute of Mediaeval studies$9(OLS)http://semarc/publisher/42608